[Event "DDS League"]
[Site "Dvorovi BIH"]
[Date "2005.07.03"]
[Round "1"]
[White "Budimir,Bor"]
[Black "Tomerlin,S"]
[Result "1-0"]
[WhiteElo "2293"]
[BlackElo "2243"]

1.e4 g6 2.d4 Bg7 3.Nc3 c6 4.Nf3 d6 5.a4 a5 6.Bc4 Nf6 7.O-O O-O 8.h3 Na6 9.e5 Ne8
10.exd6 Nxd6 11.Bb3 c5 12.Nb5 cxd4 13.Nfxd4 Nc5 14.Bd5 e6 15.Bf3 e5 16.Nxd6 Qxd6
17.Nb5 Qxd1 18.Rxd1 Bf5 19.Be3 Nxa4 20.Rxa4 Bxc2 21.Rda1 Bxa4 22.Rxa4 e4
23.Bxe4 Bxb2 24.Bxb7 Rab8 25.Bc6 Rfc8 26.Na7 Rc7 27.Bf4 Be5 28.Bxe5 Rb1+
29.Kh2 Rxa7 30.Rd4 f5 31.Rd8+ Kf7 32.Bd5+ Ke7 33.Rh8 Ra6 34.Rxh7+ Kd8 35.Bb7 Re6
36.Bc7+ Ke8 37.Bxa5 Re2 38.f4 Kf8 39.Bc3 Rb3 40.Be5  1-0

[Event "4th Open"]
[Site "La Fere FRA"]
[Date "2005.07.03"]
[Round "2"]
[White "Rapinel,F"]
[Black "Petitcunot,Pi"]
[Result "0-1"]
[WhiteElo "2148"]
[BlackElo "2390"]

1.e4 g6 2.d4 Bg7 3.Nc3 c6 4.Be2 d5 5.Nf3 Bg4 6.Be3 e6 7.Qd2 Nd7 8.h3 Bxf3
9.Bxf3 a6 10.O-O Ne7 11.Rad1 O-O 12.Bg5 Re8 13.Rfe1 b5 14.exd5 cxd5 15.a4 Rb8
16.axb5 axb5 17.Qe2 Bf8 18.Bf4 Rc8 19.Nxb5 Nf5 20.c3 Qb6 21.Ra1 Nh4 22.Na3 Nxf3+
23.gxf3 Nf6 24.Qb5 Qd8 25.Qf1 Nh5 26.Bh2 Bd6 27.Bxd6 Qxd6 28.Nc2 Qf4 29.Qd3 Qh4
30.Qf1 Nf4 31.Kh2 g5 32.Nb4 h5 33.Nd3 Nxd3 34.Qxd3 Qxf2+ 35.Kh1 Qxb2 36.Qe3 f6
37.Qd3 Qb7 38.Ra6 Qf7 39.Qe3 e5 40.Qd2 Re6 41.Ra5 exd4 42.cxd4 Rce8 43.Raa1 Qe7
44.Rxe6 Qxe6 45.Kg2 h4 46.Ra5 Kh8 47.Ra2 Qd6 48.Qf2 Qf4 49.Rc2 Kg7 50.Ra2 Kh6
51.Rb2 Re3 52.Rb8 Rd3  0-1

[Event "20th North Sea Cup"]
[Site "Esbjerg DEN"]
[Date "2005.07.07"]
[Round "7"]
[White "Khenkin,I"]
[Black "Djuric,S"]
[Result "1/2-1/2"]
[WhiteElo "2610"]
[BlackElo "2463"]

1.d4 g6 2.e4 Bg7 3.Nc3 c6 4.Nf3 d5 5.h3 dxe4 6.Nxe4 Nd7 7.Bc4 Ngf6 8.Nxf6+ Nxf6
9.O-O O-O 10.Re1 Qd6 11.c3 c5 12.Be3 cxd4 13.Qxd4 Qxd4 14.Bxd4 e6 15.Rad1 b6
16.Ne5 Bb7 17.Nxf7 Rxf7 18.Bxe6 Rf8 19.c4 Ne4 20.Bxg7 Kxg7 21.Bxf7 Rxf7 22.Rd4 Nf6
23.b4 Rc7 24.g4 h5 25.Re3  1/2-1/2

[Event "4th Open"]
[Site "La Fere FRA"]
[Date "2005.07.07"]
[Round "8"]
[White "Spoelman,W"]
[Black "Simonenko,S"]
[Result "1-0"]
[WhiteElo "2365"]
[BlackElo "2431"]

1.e4 g6 2.d4 Bg7 3.Nc3 c6 4.Be3 d6 5.f4 Nf6 6.h3 Qa5 7.Bd3 e5 8.Nf3 Nbd7
9.O-O exd4 10.Bxd4 O-O 11.a4 Nc5 12.Qd2 Nxd3 13.cxd3 c5 14.Be3 Bd7 15.f5 Bc6
16.Bh6 Rae8 17.fxg6 fxg6 18.Bxg7 Kxg7 19.Qg5 Qb6 20.Nh4 c4+ 21.Kh1 Qxb2 22.Nf5+ Kg8
23.Nh6+ Kh8 24.Rac1 Re5 25.Qh4 Kg7 26.g4 Nxg4 27.hxg4 Rxf1+ 28.Rxf1 g5 29.Qh5 Be8
30.Qh3 Re7 31.Qe3 Kxh6 32.Qd4 Bg6 33.Rf3 Qc1+ 34.Kg2 Re5 35.Qxd6 Re8 36.Qf6  1-0

[Event "4th Open"]
[Site "La Fere FRA"]
[Date "2005.07.07"]
[Round "8"]
[White "Slingerland,F"]
[Black "Housieaux,D"]
[Result "1-0"]
[WhiteElo "2259"]
[BlackElo "2329"]

1.e4 g6 2.d4 Bg7 3.Nc3 c6 4.Be3 d5 5.h3 Nf6 6.e5 Ne4 7.Nxe4 dxe4 8.Ne2 f6
9.exf6 exf6 10.Nc3 O-O 11.Bc4+ Kh8 12.Qd2 Qe8 13.Bh6 b5 14.Bb3 a5 15.a3 Na6
16.O-O Ra7 17.Rae1 Re7 18.Bf4 b4 19.axb4 axb4 20.Na2 Be6 21.Bd6 Bxb3 22.cxb3 Re6
23.Bxf8 Bxf8 24.Re2 Qe7 25.Rc1 Nc7 26.Qf4 Nd5 27.Qb8 Kg8 28.Qc8 Qd6 29.Rec2 e3
30.fxe3 Ne7 31.Qa8 Rxe3 32.Qa6 Bh6 33.Rf1 Re6 34.Re2 Be3+ 35.Kh1 Nf5 36.Rxf5 gxf5
37.Qc4 Kf7 38.Rxe3  1-0

[Event "Open"]
[Site "Condom FRA"]
[Date "2005.07.10"]
[Round "3"]
[White "Lejarre,L"]
[Black "Simonenko,S"]
[Result "0-1"]
[WhiteElo "2332"]
[BlackElo "2431"]

1.e4 g6 2.d4 Bg7 3.Nc3 c6 4.Nf3 d6 5.Be3 Nd7 6.Qd2 Ngf6 7.Bh6 O-O 8.O-O-O b5
9.Bxg7 Kxg7 10.e5 Ne8 11.h4 h5 12.e6 fxe6 13.Bd3 Nef6 14.Ne2 Rg8 15.Qg5 Qe8
16.g4 Nh7 17.Qf4 e5 18.dxe5 Rf8 19.Qg3 Rxf3 20.Qxf3 Nxe5 21.Qe3 Bxg4 22.f4 Nxd3+
23.Rxd3 Nf6 24.Re1 Qf7 25.Nc3 Bf5 26.Rd2 b4 27.Ne2 Qxa2 28.Qxe7+ Kh6 29.Rd4 Qa1+
30.Kd2 Qxb2 31.Qxf6 Qxc2+ 32.Ke3 Re8+ 33.Kf2 Bg4 34.f5 Rxe2+ 35.Rxe2 Qxe2+
36.Kg1 Qe3+ 37.Kg2 Bf3+  0-1

[Event "34th TCh-GRE"]
[Site "Ermioni Argolidas GRE"]
[Date "2005.07.10"]
[Round "8"]
[White "Mastrovasilis,D"]
[Black "Skalkotas,N"]
[Result "1-0"]
[WhiteElo "2563"]
[BlackElo "2300"]

1.e4 g6 2.d4 Bg7 3.Nc3 c6 4.f4 d5 5.e5 Nh6 6.Be2 f6 7.Be3 b6 8.Qd2 Na6 9.O-O-O Nc7
10.h3 Bb7 11.g4 Nf7 12.exf6 exf6 13.f5 g5 14.h4 h6 15.hxg5 hxg5 16.Rxh8+ Nxh8
17.Bf3 Nf7 18.Nge2 Bf8 19.Ng3 Bd6 20.Nh5 Kd7 21.Re1 Qh8 22.Nd1 Rf8 23.Bf2 Nd8
24.Ne3 Kc8 25.c4 Kb8 26.b4 Na6 27.c5 bxc5 28.bxc5 Bc7 29.Kc2 Rf7 30.Rb1 Kc8
31.Qd3 Nb8 32.Qa3 a6 33.Nd1 Rh7 34.Qd3 Nd7 35.Nc3 Ne5 36.dxe5 fxe5 37.Rxb7 Kxb7
38.Nxd5 Rd7 39.Qb3+  1-0

[Event "ITT"]
[Site "San Bernardo ARG"]
[Date "2005.07.10"]
[Round "7"]
[White "Frenklakh,V"]
[Black "Fernandez,D USA"]
[Result "1/2-1/2"]
[WhiteElo "2296"]
[BlackElo "2406"]

1.d4 g6 2.e4 Bg7 3.Nc3 c6 4.Nf3 d5 5.h3 dxe4 6.Nxe4 Nf6 7.Bd3 Nbd7 8.O-O Nxe4
9.Bxe4 Nf6 10.Bd3 O-O  1/2-1/2

[Event "ch-Paris Open"]
[Site "Paris FRA"]
[Date "2005.07.11"]
[Round "3"]
[White "Landa,K"]
[Black "Pelikian,J"]
[Result "1-0"]
[WhiteElo "2609"]
[BlackElo "2405"]

1.e4 g6 2.d4 Bg7 3.Nc3 c6 4.Nf3 d6 5.Be3 Bg4 6.h3 Bxf3 7.Qxf3 e6 8.d5 cxd5
9.exd5 Bxc3+ 10.bxc3 e5 11.Rb1 Qc7 12.Bb5+ Kf8 13.O-O Kg7 14.c4 b6 15.c5 bxc5
16.Bc6 Nxc6 17.dxc6 Qe7 18.Rfd1 Qf6 19.Rb7 Qxf3 20.gxf3 Nf6 21.Rxd6 Rhc8
22.Bxc5 Ne8 23.Rdd7 Kf6 24.Rxf7+ Ke6 25.Ba3 Rxc6 26.Rbe7+ Kd5 27.Rf8 Rcc8
28.Rd7+ Ke6 29.Rxh7 Nf6 30.Re7+ Kf5 31.Bd6 Rxf8 32.Rxe5+ Kf4 33.Re8+ Kf5
34.Re5+ Kf4 35.Re8+ Kf5 36.Rxf8 Rxf8 37.Bxf8 Nd5 38.c4 Nf4 39.Kh2 Ne6 40.Bd6 Nd4
41.Kg3 g5 42.Bc5 Ne2+ 43.Kg2 a6 44.Kf1 Nc1 45.Be3 Nd3 46.Ke2 Ne5 47.c5 a5
48.a4 Nc4 49.Kd3 Ne5+ 50.Kd4 Ke6 51.Ke4 Nc4 52.Bxg5 Nb2 53.Be3  1-0

[Event "Aegean Open"]
[Site "Kirykos GRE"]
[Date "2005.07.13"]
[Round "2"]
[White "Danchenko,D"]
[Black "Svetushkin,D"]
[Result "0-1"]
[WhiteElo "2032"]
[BlackElo "2514"]

1.e4 g6 2.d4 Bg7 3.Nc3 c6 4.Be3 Qb6 5.Rb1 d6 6.Bc4 Qc7 7.Nge2 Nf6 8.f3 b5
9.Bb3 Bb7 10.O-O Nbd7 11.d5 a6 12.dxc6 Bxc6 13.Nf4 Qb7 14.Ncd5 e5 15.Nxf6+ Nxf6
16.Nd3 a5 17.c4 a4 18.cxb5 Bxb5 19.Bc2 O-O 20.Rf2 Rfd8 21.Rd2 Rd7 22.Nb4 Qb8
23.Bd3 Bxd3 24.Nxd3 Rd8 25.b4 d5 26.Nc5 d4 27.Bg5 h6 28.Bxf6 Bxf6 29.a3 Bg5
30.Rd3 Qb5 31.Qc2 Rdc8 32.g3 Rab8 33.Rf1 Be7 34.Qxa4 Rxc5 35.Qxb5 Rcxb5  0-1

[Event "Aegean Open"]
[Site "Kirykos GRE"]
[Date "2005.07.15"]
[Round "4"]
[White "Makka,E"]
[Black "Koukoufikis,A"]
[Result "1-0"]
[WhiteElo "2093"]
[BlackElo "2281"]

1.e4 g6 2.d4 Bg7 3.Nc3 c6 4.Be3 b5 5.Bd3 a6 6.Qd2 d6 7.Nf3 Nd7 8.O-O e5 9.Rad1 Qe7
10.Rfe1 Bb7 11.a4 Ngf6 12.axb5 cxb5 13.dxe5 dxe5 14.Nd5 Nxd5 15.exd5 O-O
16.c4 bxc4 17.Bxc4 Qd6 18.Ng5 f5 19.f3 Rac8 20.Ba2 Rfe8 21.Ne6 Bf8 22.Kh1 Qb4
23.d6 Qxd2 24.Rxd2 Kh8 25.Nc7 f4 26.Bf2 Red8 27.Bh4 h6 28.Bxd8 Rxd8 29.Ne6 Rc8
30.Nxf8 Nxf8 31.d7 Rd8 32.Rxe5 Nxd7 33.Re7 Rc8 34.Rexd7  1-0

[Event "Open"]
[Site "Ghent BEL"]
[Date "2005.07.17"]
[Round "4"]
[White "Van Dijk,Ti"]
[Black "Leenhouts,K"]
[Result "0-1"]
[WhiteElo "2277"]
[BlackElo "2403"]

1.e4 g6 2.d4 Bg7 3.Nc3 c6 4.Be3 d5 5.f3 dxe4 6.fxe4 Nf6 7.Nf3 b5 8.Bd3 Ng4
9.Bg1 e5 10.d5 b4 11.Na4 O-O 12.c4 cxd5 13.cxd5 f5 14.Nc5 Na6 15.Qb3 Qd6
16.Rc1 Bh6 17.Nxa6 Bxc1 18.Bc5 Qd8 19.Bxf8 Bxa6 20.Bxa6 Qb6 21.Be7 fxe4 22.d6+ Kg7
23.Rf1 Qxa6 24.Ng5 Bd2+ 25.Kxd2 Qxf1 26.d7 e3+ 27.Kc2 e2 28.Ne6+ Kh8 29.Qd3 e1=N+  0-1

[Event "Aegean Open"]
[Site "Kirykos GRE"]
[Date "2005.07.17"]
[Round "6"]
[White "Poulos,G"]
[Black "Koukoufikis,A"]
[Result "0-1"]
[WhiteElo "2074"]
[BlackElo "2281"]

1.e4 g6 2.d4 Bg7 3.Nc3 c6 4.f4 d6 5.Nf3 Nd7 6.e5 c5 7.e6 fxe6 8.Ng5 Nf8 9.dxc5 h6
10.Nf3 Bxc3+ 11.bxc3 Nf6 12.cxd6 Qxd6 13.Qxd6 exd6 14.Ba3 d5 15.Ne5 N6d7
16.Bd6 Rg8 17.c4 Nf6 18.cxd5 exd5 19.Bb5+ Bd7 20.Nxd7 N8xd7 21.O-O-O Kf7
22.Bxd7 Rgd8 23.Ba4 Rxd6 24.Bb3 Re8 25.Rhe1 Rxe1 26.Rxe1 b5 27.Kd2 a5 28.a3 Nd7
29.Kc3 Nb6 30.Kd4 a4 31.Ba2 Rc6 32.Re2 Kf6 33.Bxd5 Nxd5 34.Kxd5 Rc3 35.Kd4 Rxa3
36.Kc5 Rc3+ 37.Kb4 Rc8 38.Kxb5 a3 39.Re3 a2 40.Ra3 Rxc2 41.g4 Rxh2 42.Ra6+ Kf7
43.Kc5 Rf2 44.Ra4 a1=Q 45.Rxa1 Rxf4 46.Rg1 Kf6 47.Kd5 Kg5  0-1

[Event "Open"]
[Site "Ghent BEL"]
[Date "2005.07.18"]
[Round "6"]
[White "Donovan,L"]
[Black "Leenhouts,K"]
[Result "1/2-1/2"]
[WhiteElo "2115"]
[BlackElo "2403"]

1.e4 g6 2.d4 Bg7 3.Nc3 c6 4.Be3 d5 5.f3 dxe4 6.Nxe4 Nd7 7.Qd2 Ngf6 8.c3 Qa5
9.Bd3 Nxe4 10.fxe4 c5 11.Nf3 cxd4 12.cxd4 Qxd2+ 13.Nxd2 O-O 14.O-O Nf6 15.h3 Rd8
16.Rac1 Ne8 17.Nf3 b6 18.Bc4 Nd6 19.Bd5 Rb8 20.Rc7 e6 21.Bc6 Ba6 22.Rc1 Bd3
23.Rxa7 Bxe4 24.Bxe4 Nxe4 25.Ne5 Nd6 26.Nd7 Ra8 27.Rxa8 Rxa8 28.Nxb6 Rxa2
29.Rc6 Nf5 30.Rc8+ Bf8 31.Bg5 Kg7 32.Nd7 Be7 33.Bxe7 Nxe7 34.Rb8 Nc6 35.Rb7 Nxd4
36.Ne5 Ra1+ 37.Kf2 Kf6 38.Nxf7 h5 39.Nd6 Rc1 40.Ne4+ Ke5 41.Nd2 Rd1 42.Nf3+ Nxf3
43.Kxf3 Rb1 44.b4 Rb3+ 45.Kf2 h4 46.Rg7 Kf6 47.Rb7 Kf5 48.Rf7+ Ke4 49.Rf6 Rb2+
50.Kg1 Ke5 51.Rxg6 Rxb4 52.Kf2 Kf5 53.Rg8 e5 54.Rf8+ Ke4 55.Rh8 Kd3 56.Rd8+ Rd4
57.Ra8 Rf4+ 58.Ke1 Rb4 59.Ra3+ Kd4 60.Ra2 e4  1/2-1/2

[Event "Politiken Cup"]
[Site "Copenhagen DEN"]
[Date "2005.07.20"]
[Round "6"]
[White "Andersen,IbH"]
[Black "Werner,Ge"]
[Result "1-0"]
[WhiteElo "2160"]
[BlackElo "2047"]

1.e4 g6 2.d4 Bg7 3.Nc3 c6 4.f4 d5 5.e5 h5 6.Nf3 Nh6 7.Be3 Bf5 8.Be2 Nd7 9.Qd2 Nf8
10.h3 Qd7 11.a4 a5 12.Nd1 Be4 13.Nf2 Bxf3 14.Bxf3 Nf5 15.Nd3 Ne6 16.Bf2 Nfxd4
17.Bd1 b6 18.c3 Nf5 19.Bxb6 Ng3 20.Rg1 h4 21.b4 axb4 22.cxb4 f6 23.a5 fxe5
24.fxe5 Bh6 25.Qc2 Kf7 26.Bg4 Ne4 27.Rf1+ Kg7 28.Nf4 Bxf4 29.Rxf4 Raf8 30.Rxf8 Rxf8
31.O-O-O Ng3 32.Qd2 Nf5 33.Rf1 d4 34.Bxf5 Rxf5 35.Rxf5 gxf5 36.a6 Qd5 37.a7 c5
38.bxc5 Nxc5 39.Qg5+ Kf7 40.Qxf5+ Kg7 41.Qg5+ Kf8 42.Qf5+ Kg7 43.Qg4+ Kf8
44.Qf3+  1-0

[Event "Open A"]
[Site "Pardubice CZE"]
[Date "2005.07.25"]
[Round "4"]
[White "Koepke,C"]
[Black "Vokoun,J"]
[Result "0-1"]
[WhiteElo "2226"]
[BlackElo "2326"]

1.e4 g6 2.d4 Bg7 3.Nc3 c6 4.f4 d5 5.e5 h5 6.Nf3 Nh6 7.Be3 Bg4 8.Be2 Nf5 9.Bf2 Bxf3
10.Bxf3 e6 11.O-O Nd7 12.Ne2 Bh6 13.b3 g5 14.Bxh5 gxf4 15.g3 Ng7 16.Bg4 f5
17.Bf3 fxg3 18.Bxg3 Qb6 19.Nf4 O-O-O 20.Kh1 Bg5 21.a4 Rdg8 22.c4 Qd8 23.Rg1 Nf8
24.Rg2 Rh7 25.Qe2 Rgh8 26.b4 Bxf4 27.Bxf4 Qh4 28.Qe3 dxc4 29.b5 Nh5 30.Bxh5 Qxh5
31.bxc6 Qe8 32.cxb7+ Rxb7 33.d5 exd5 34.Qc5+ Rc7 35.Qxd5 Qc6 36.Qd2 Ne6 37.Be3 Rg8
38.Ra2 f4 39.Bxf4 Rd7 40.Kg1 Rxd2 41.Rxg8+ Rd8  0-1

[Event "Open A"]
[Site "Pardubice CZE"]
[Date "2005.07.26"]
[Round "5"]
[White "Saric,Iv"]
[Black "Richter,Mic"]
[Result "1/2-1/2"]
[WhiteElo "2284"]
[BlackElo "2415"]

1.e4 g6 2.d4 Bg7 3.Nc3 c6 4.Bc4 b5 5.Bb3 b4 6.Nce2 d5 7.exd5 cxd5 8.a3 bxa3
9.Rxa3 Nf6 10.Nf3 O-O 11.O-O Nc6 12.Ne5 Bb7 13.Nf4 e6 14.Nxc6 Bxc6 15.c3 Ne4
16.Re1 Qb6 17.Ba4 Nd6 18.Bxc6 Qxc6 19.Nd3 Nc4 20.Ra2 a5 21.Bf4 Rfc8 22.Qe2 a4
23.Rea1 a3 24.b3 Nd6 25.Bxd6 Qxd6 26.Qd2 e5 27.dxe5 Bxe5 28.Nxe5 Qxe5 29.Rxa3 Rxa3
30.Rxa3 Rxc3 31.g3 Rc8 32.Ra5 Rd8 33.Qe3 Qxe3 34.fxe3 Rb8 35.Rxd5 Rxb3  1/2-1/2

[Event "MTO Open"]
[Site "Biel SUI"]
[Date "2005.07.27"]
[Round "9"]
[White "Klovans,J"]
[Black "Heedt,T"]
[Result "1-0"]
[WhiteElo "2463"]
[BlackElo "2175"]

1.e4 g6 2.d4 Bg7 3.Nc3 c6 4.f4 b5 5.a3 a6 6.Nf3 d6 7.Be2 Nf6 8.O-O O-O 9.Kh1 Nbd7
10.e5 Ne8 11.Bd3 e6 12.Ne4 c5 13.dxc5 d5 14.c6 Nb8 15.Nc5 Nxc6 16.Be3 Qc7
17.Qe2 f6 18.Nd4 Nd8 19.exf6 Nxf6 20.b4 e5 21.fxe5 Qxe5 22.Rae1 Ra7 23.Bg1 Qxe2
24.Bxe2 Raf7 25.a4 bxa4 26.Nxa4 Ne4 27.Rxf7 Rxf7 28.c4 Nf2+ 29.Bxf2 Rxf2
30.Nf3 Bh6 31.cxd5 Nf7 32.Nc5 Nd6 33.Bxa6 Bf5 34.Bd3 Rb2 35.Bxf5 Nxf5 36.Nd3 Rb3
37.Nfe5 Bg7 38.g4 Nd4 39.d6 Ne6 40.d7 Nd8 41.Nc5 Rxb4 42.Ned3  1-0

[Event "Open A"]
[Site "Pardubice CZE"]
[Date "2005.07.27"]
[Round "6"]
[White "Adnoy,H"]
[Black "Vokoun,J"]
[Result "1-0"]
[WhiteElo "2238"]
[BlackElo "2326"]

1.e4 g6 2.d4 Bg7 3.Nc3 c6 4.Be3 d6 5.Qd2 b5 6.f3 Nd7 7.h4 h5 8.Nh3 Rb8 9.a4 b4
10.Nd1 e6 11.Ng5 Qc7 12.Bc4 Nb6 13.Be2 a5 14.O-O c5 15.c3 b3 16.dxc5 dxc5
17.c4 Ne7 18.Qxa5 Ra8 19.Qxc5 Qxc5 20.Bxc5 Rxa4 21.Nc3 Bxc3 22.bxc3 b2 23.Rab1 Nxc4
24.Bxc4 Rxc4 25.Bd4 O-O 26.Bf6 Nc6 27.Rxb2 e5 28.Rb3 Rc5 29.Rd1 Re8 30.Ra3 Na5
31.Rd5 Nb7 32.Ra8 Rxc3 33.Rxe5 Rxe5 34.Bxe5 Rc2 35.Bf6 Rc6 36.e5 Nc5 37.Kf2 Kf8
38.Ke3 Nd7 39.Ne4 Nxf6 40.exf6 Ke8 41.Kf4 Kd8 42.Kg5 Kc7 43.Kh6 Kb7 44.Ra2 Be6
45.Rb2+ Kc7 46.Kg7 Rc1 47.Ng5 Bc4 48.Nxf7  1-0

[Event "Open Dutch Championship"]
[Site "Dieren NED"]
[Date "2005.07.28"]
[Round "3"]
[White "De Kleuver,E"]
[Black "Hartoch,R"]
[Result "1/2-1/2"]
[WhiteElo "2159"]
[BlackElo "2272"]

1.e4 g6 2.d4 Bg7 3.Nc3 c6 4.Be3 d5 5.Qd2 dxe4 6.Nxe4 Nd7 7.Nf3 Ngf6 8.Nxf6+ Nxf6
9.Bc4 O-O 10.O-O Ne4 11.Qe2 Nd6 12.Bb3 a5 13.a4  1/2-1/2

[Event "Open Dutch Championship"]
[Site "Dieren NED"]
[Date "2005.08.02"]
[Round "7"]
[White "Van Kerkhof,D"]
[Black "Iordachescu,V"]
[Result "0-1"]
[WhiteElo "2170"]
[BlackElo "2606"]

1.e4 g6 2.d4 Bg7 3.Nc3 c6 4.Nf3 d6 5.h3 Nf6 6.Be3 Qb6 7.a3 O-O 8.Bc4 d5 9.Bb3 dxe4
10.Ng5 a5 11.a4 Bf5 12.g4 Bd7 13.O-O Na6 14.Ngxe4 Rad8 15.d5 Qb4 16.f3 c5
17.Qd3 Qb6 18.Rad1 Bc8 19.Qb5 Qa7 20.Bxc5 Nxc5 21.Qxc5 b6 22.Qe3 Nxe4 23.fxe4 Qb8
24.Nb5 Ba6 25.Kg2 Bxb5 26.axb5 Bxb2 27.c4 Qd6 28.Rd2 Be5 29.Rdf2 Kg7 30.Ba2 Ra8
31.Rf3 f6 32.Qa3 Qc7 33.Rc1 Bd6 34.Qc3 a4 35.Rcf1 Be5 36.Qa3 Bd6 37.Qc3 a3
38.g5 Be5 39.gxf6+ exf6 40.Qe3 Bd6 41.Qd4 Bc5 42.Qc3 Qe7 43.Re1 Rae8 44.Bb1 Qd6
45.Re2 Re5 46.Rg3 Kg8 47.Ra2 Ra8 48.Rg4 Qe7 49.Qf3 Re8 50.Bd3 Kh8 51.Rg3 Bd6
52.Qf2 Rh5 53.Rf3 Rg5+ 54.Kh1 Bc5 55.Qd2 Rg1+ 56.Kh2 Rg5 57.Kh1 Kg8 58.Qf4 Kg7
59.Rf1 Bd6 60.Qh4 Qe5 61.Raf2 Rf8 62.Bb1 Rg3 63.c5 bxc5 64.b6 Rb3 65.Qg4 Rxb6
66.Qd7+ Rf7 67.Qa4 Rb4 68.Qxa3 Rxb1  0-1

[Event "Open Dutch Championship"]
[Site "Dieren NED"]
[Date "2005.08.03"]
[Round "8"]
[White "Van Oosterom,C"]
[Black "Odendahl,R"]
[Result "0-1"]
[WhiteElo "2197"]
[BlackElo "2376"]

1.e4 g6 2.d4 Bg7 3.Nc3 c6 4.f4 d5 5.Nf3 Bg4 6.Be3 dxe4 7.Nxe4 Qb6 8.Be2 Nd7
9.O-O Ngf6 10.Nxf6+ Nxf6 11.h3 Bxf3 12.Rxf3 Rd8 13.c3 Qxb2 14.Rb1 Qxc3 15.Rxb7 Nd5
16.Bf2 Qa5 17.Qc1 O-O 18.Qb2 Rd6 19.Ra3 Qd8 20.Raxa7 Nxf4 21.Rxe7 Rxd4 22.Qb7 Nxe2+
23.Rxe2 Rd1+ 24.Kh2 Rd2 25.Rxd2 Qxd2 26.Bg3 Bd4 27.Ra8 Qe3 28.Rxf8+ Kxf8
29.Qb1 c5 30.a4 c4 31.a5 c3 32.a6 c2  0-1

[Event "Open Dutch Championship"]
[Site "Dieren NED"]
[Date "2005.08.04"]
[Round "9"]
[White "Turov,M"]
[Black "Iordachescu,V"]
[Result "1/2-1/2"]
[WhiteElo "2527"]
[BlackElo "2606"]

1.e4 g6 2.d4 Bg7 3.Nc3 c6 4.Nf3 d6 5.Be2 Nf6 6.O-O O-O 7.a4 Nbd7 8.Bf4 b6
9.h3 Bb7 10.e5 dxe5 11.Nxe5 c5 12.dxc5 Nxc5 13.a5 Qc8 14.axb6 Rd8 15.Qc1 axb6
16.Rxa8 Qxa8 17.Bf3 Ne6 18.Be3 Nd5 19.Nxd5 Bxd5 20.Rd1 Bxe5 21.Rxd5 Rxd5
22.c4 Nd4 23.Bxd4 Bxd4 24.Bxd5 Qa5 25.b3 Qa2 26.Qe1 Kf8 27.c5 Bxc5 28.Bc4 Qb2
29.g4 Qd4 30.Kg2 e5 31.Qe2 e4 32.Qe3 Qf6 33.Qg3 h6 34.Bd5 Qd4 35.Bb7 g5 36.Bc6 Kg7
37.Bb7 h5 38.Qe3 Qf6 39.Qe2 e3 40.fxe3 h4 41.Bd5 Qe5 42.Qf3 f6 43.Bc4 Bxe3
44.Qb7+ Kh6 45.Qf3 Bc5 46.Qd3 Qb2+ 47.Kf3 Qf2+ 48.Ke4 Qf4+ 49.Kd5 Qd6+ 50.Ke4 Qe5+
51.Kf3 Qe1 52.Qf1 Qe3+ 53.Kg2 Kg7 54.Kh1 Bd6 55.Qd3 Qe1+ 56.Kg2 Bc5 57.Qf1 Qe3
58.Kh1 Bd4 59.Qg2 Be5 60.Qb7+ Kh6 61.Qg2 Bf4 62.Qf1 Qd2 63.Qe2 Qc3 64.Bd3 Bg3
65.Bc2 Qa1+ 66.Kg2 Qd4 67.Kh1 Qa1+ 68.Kg2 Qd4 69.Kh1 Qa1+  1/2-1/2

[Event "Petrovskaya Ladya IM"]
[Site "Peterhof RUS"]
[Date "2005.08.06"]
[Round "7"]
[White "Doluhanova,E"]
[Black "Utkin,Alek"]
[Result "1/2-1/2"]
[WhiteElo "2273"]
[BlackElo "2382"]

1.e4 g6 2.d4 Bg7 3.Nc3 c6 4.Be3 d6 5.Nf3 b5 6.Bd3 Nf6 7.Qd2 O-O 8.O-O Qc7
9.a4 b4 10.Ne2 c5 11.c3 Bb7 12.dxc5 dxc5 13.cxb4 cxb4 14.Qxb4 a5 15.Qc3 Nc6
16.Qb3 Rab8 17.Nc3 Ba8 18.Nb5 Qb7 19.Rac1 Rbc8 20.Bc5 Ng4 21.Rfe1 Qb8 22.h3 Nge5
23.Nxe5 Qxe5 24.Rc2 Rb8 25.Qa3 Rfd8 26.Bf1 Rbc8 27.Qb3 Rd7 28.Ba3 Rcd8 29.g3 Qb8
30.Bc5 Ne5 31.Qe3 Nd3 32.Ree2 h5 33.Bb6 Nb4 34.Bxd8 Nxc2 35.Rxc2 Rxd8 36.h4 Qe5
37.Bg2 Kh7 38.Kh2 Bf6 39.f4 Qb8 40.e5 Bg7 41.Qa7 Qxa7 42.Nxa7 f6 43.Bxa8 Rxa8
44.Nc6 fxe5 45.Nxe5 Bxe5 46.fxe5 Rb8 47.Rc5 Rxb2+ 48.Kg1 Kg7 49.Rxa5 Kf7
50.Kf1 Ke6 51.Ra7 Ra2 52.a5 Kxe5 53.Rxe7+ Kf5 54.Re2  1/2-1/2

[Event "Warmia & Mazury"]
[Site "Ostroda POL"]
[Date "2005.08.07"]
[Round "3"]
[White "Matras,A"]
[Black "Mista,A"]
[Result "0-1"]
[WhiteElo "2238"]
[BlackElo "2474"]

1.e4 c6 2.d4 g6 3.Nc3 Bg7 4.Nf3 d6 5.Be3 b5 6.Qd2 Qc7 7.Be2 Nd7 8.O-O Ngf6
9.a3 O-O 10.Bh6 a6 11.Rad1 Re8 12.Bxg7 Kxg7 13.Rfe1 e5 14.Bf1 Bb7 15.g3 Rad8
16.Bg2 Nb6 17.b3 h6 18.h3 Rd7 19.Nh2 Rde7 20.Ng4 Nxg4 21.hxg4 Bc8 22.dxe5 dxe5
23.Bf3 Rd7 24.Qe3 Red8 25.Kg2 Rxd1 26.Bxd1 Nd7 27.Rh1 g5 28.Bf3 Nf6 29.Qe2 Qe7
30.Nd1 Qxa3 31.Ne3 Qb4 32.Rd1 Rxd1 33.Qxd1 Qd4 34.Qxd4 exd4 35.Nf5+ Bxf5
36.gxf5 g4 37.Be2 Nxe4 38.Bxg4 Kf6 39.Kf3 Nd6 40.Kf4 c5 41.Bh3 a5 42.Bf1 a4  0-1

[Event "Stork YM"]
[Site "Hengelo NED"]
[Date "2005.08.08"]
[Round "2"]
[White "Smeets,J"]
[Black "Barnaure,V"]
[Result "1/2-1/2"]
[WhiteElo "2537"]
[BlackElo "2445"]

1.e4 g6 2.d4 Bg7 3.Nc3 c6 4.f4 d5 5.e5 Nh6 6.Nf3 Bg4 7.Be3 Nf5 8.Bf2 h5 9.h3 Bxf3
10.Qxf3 h4 11.Bd3 e6 12.O-O Nd7 13.Ne2 Bf8 14.b3 Be7 15.c4 Kf8 16.Rfc1 Rc8
17.a3 Kg7 18.c5 a5 19.b4 b6 20.Ba6 Rb8 21.b5 Qc7 22.cxb6 Rxb6 23.Be1 Qa7
24.Qd3 cxb5 25.Bxb5 Rhb8 26.a4 Bd8 27.Rc2 R6b7 28.Rac1 Bb6 29.Bf2 Rd8 30.Kh2 Nb8
31.Qd2 Rh8 32.Rc8 Rxc8 33.Rxc8 Rc7 34.Re8 Re7 35.Rc8 Rc7 36.Rxc7 Bxc7 37.Ng1 Bd8
38.Nf3 Qb6 39.Qc3 Be7 40.Qc8 Qd8 41.Qb7 g5 42.Ng1 Kh6 43.g3  1/2-1/2

[Event "ch-AUT Qualifier"]
[Site "Gmunden AUT"]
[Date "2005.08.13"]
[Round "1"]
[White "Mahdi,K"]
[Black "Egger,M"]
[Result "1/2-1/2"]
[WhiteElo "2372"]
[BlackElo "2054"]

1.e4 g6 2.d4 Bg7 3.Nc3 c6 4.Nf3 d5 5.h3 Nh6 6.Bd3 O-O 7.O-O f6 8.Re1 Nf7
9.Bf1 b6 10.b3 Bb7 11.Ba3 Re8 12.Bb2 e5 13.dxe5 fxe5 14.Ne2 Na6 15.Ng3 Nc7
16.Bd3 Qd6 17.Rc1 Ne6 18.c4 d4 19.c5 Qd7 20.b4  1/2-1/2

[Event "14th Open"]
[Site "Kavala GRE"]
[Date "2005.08.13"]
[Round "3"]
[White "Tsiamis,K"]
[Black "Svetushkin,D"]
[Result "0-1"]
[WhiteElo "2282"]
[BlackElo "2514"]

1.e4 g6 2.d4 Bg7 3.Nc3 c6 4.f4 d5 5.e5 Qb6 6.Nf3 Bg4 7.Be2 Nh6 8.Na4 Qa5+
9.c3 Nf5 10.b4 Qc7 11.Bd2 e6 12.O-O h5 13.h3 Bxf3 14.Bxf3 h4 15.Re1 Nd7 16.Bg4 Bf8
17.Bxf5 gxf5 18.Be3 f6 19.Nc5 Nxc5 20.bxc5 fxe5 21.fxe5 Be7 22.Rb1 b6 23.cxb6 axb6
24.Re2 b5 25.Qd2 Kd7 26.Rf2 Ra4 27.Bg5 Qd8 28.Bxe7 Qxe7 29.Rb4 Ra7 30.Kh2 Ke8
31.a4 Rxa4 32.Rxa4 bxa4 33.Qd1 a3 34.Qa4 Kf7 35.Ra2 Kg6 36.Qxa3 Qxa3 37.Rxa3 f4
38.Ra7 c5 39.Re7 Kf5 40.Rf7+ Ke4 41.Rf6 cxd4 42.cxd4 Kxd4 43.Rxe6 Ke3 44.Ra6 d4
45.Kg1 d3 46.e6 d2 47.Rd6 Ke2 48.e7 d1=Q+ 49.Rxd1 Kxd1 50.Kf2 Re8  0-1

[Event "Independence Cup A"]
[Site "Kiev UKR"]
[Date "2005.08.13"]
[Round "2"]
[White "Pavlov,S2"]
[Black "Matorin,E"]
[Result "1-0"]
[WhiteElo "2459"]
[BlackElo "2298"]

1.e4 c6 2.d4 g6 3.Nc3 Bg7 4.f4 d6 5.Be3 Nd7 6.Qd2 Qa5 7.Nf3 b5 8.Bd3 Ngf6
9.h3 h5 10.e5 b4 11.Ne4 Nxe4 12.Bxe4 d5 13.Bd3 e6 14.a3 Bf8 15.O-O Qb6 16.axb4 Bxb4
17.c3 Be7 18.b4 Qc7 19.Ra5 Bd8 20.Rfa1 Qb8 21.R5a2 Kf8 22.Bf2 Kg7 23.Bh4 Nb6
24.Qf2 Bxh4 25.Qxh4 Nd7 26.Qe7 Nf8 27.Rxa7 Rxa7 28.Rxa7 Bd7 29.Ng5 Qe8 30.Qf6+ Kg8
31.Ra8  1-0

[Event "Masters"]
[Site "Abu Dhabi UAE"]
[Date "2005.08.14"]
[Round "1"]
[White "Ganguly,S"]
[Black "Bogza,A"]
[Result "1-0"]
[WhiteElo "2596"]
[BlackElo "2325"]

1.e4 g6 2.d4 Bg7 3.Nc3 c6 4.Be3 d6 5.Qd2 b5 6.Bd3 Nd7 7.Nf3 a6 8.Ne2 Nb6
9.Ng3 Bg4 10.Qe2 d5 11.h3 Bxf3 12.Qxf3 Nc4 13.Bxc4 bxc4 14.O-O Nf6 15.e5 Nd7
16.h4 O-O 17.h5 f5 18.hxg6 hxg6 19.Ne2 e6 20.Nf4 Qe8 21.Qg3 Kh7 22.Qh4+ Kg8
23.Nh3 Rf7 24.Ng5 Nf8 25.Nxf7 Kxf7 26.b3 cxb3 27.cxb3 c5 28.Bh6 Bxh6 29.Qxh6 cxd4
30.Rac1 Qb8 31.Qh8 Qd8 32.Rfd1 Rc8 33.Rxc8 Qxc8 34.Qf6+ Ke8 35.Qh4 Qc2 36.Qxd4 g5
37.Re1 Nd7 38.Qe3 f4 39.Qh3 Qg6 40.Rc1 Ke7 41.Qh8  1-0

[Event "Masters"]
[Site "Abu Dhabi UAE"]
[Date "2005.08.15"]
[Round "2"]
[White "Salem,Gh"]
[Black "Djuric,S"]
[Result "0-1"]
[WhiteElo "2318"]
[BlackElo "2463"]

1.e4 g6 2.d4 Bg7 3.Nc3 c6 4.f4 d5 5.e5 h5 6.Nf3 Nh6 7.Be3 Bg4 8.h3 Nf5 9.Bf2 Bxf3
10.Qxf3 h4 11.Bd3 e6 12.O-O-O Nd7 13.Bxf5 exf5 14.g4 hxg3 15.Qxg3 Nf8 16.Na4 Ne6
17.Nc5 Nxf4 18.Kb1 Nh5 19.Qg2 Qc7 20.Rde1 O-O-O 21.e6 Rde8 22.Nd3 fxe6 23.Qxg6 Bf6
24.Rhg1 b6 25.Qg2 Nf4 26.Nxf4 Qxf4 27.Qg6 Qh6 28.c3 Kd7 29.h4 Qxg6 30.Rxg6 Ke7
31.Bg3 Rhg8 32.Bd6+  0-1